LEADER 01388nam a2200277 4500 001 000000357083 003 CaOOAMICUS 005 20240405102637.0 008 240207s1973 fr 000 u fre r 040 $aSeMil$bita 100 1 $aDefois, Gérard <1931->.$0(OLS)http://semarc/name/9784 245 13$aLe pouvoir dans l'église :$banalyse institutionnelle, historique et théologique de la pratique contemporaine /$cGérard Defois, Claude Langlois, Henri Holstein. 264 1$aParis :$bInstitut Catholique de Paris,$c1973. 300 $a166 p. ;$c20 cm 490 1 $aLa foi en acte 650 4$aAutorità - Teologia.$0(OLS)http://semarc/subject/49492 650 4$aPotere - Teologia cristiana.$0(OLS)http://semarc/subject/48110 700 1 $aLanglois, Claude.$0(OLS)http://semarc/name/66625 700 1 $aHolstein, Henri,$c.$0(OLS)http://semarc/name/90487 830 3$aLa foi en acte.$0(OLS)http://semarc/title/447325 850 $aSeMil 852 $aSeMil$W1$xVenegono$y1$m2B I 67$j247432$B248265$CSeMilBibl$Z2$F248265 $81 961 $aCitrini don Tullio - Omaggio 996 $6245$aLe pouvoir dans l'église :$banalyse institutionnelle, historique et théologique de la pratique contemporaine$9(OLS)http://semarc/title/447323 996 $6264$aParis :$bInstitut Catholique de Paris$9(OLS)http://semarc/publisher/29748 LEADER 01101nam a2200253 i 4500 001 000000172530 003 CaOOAMICUS 005 20250604143726.0 008 080616s1951 it u000 u ita u 013 $a149972 040 $aSeMil$bita 100 1 $aBelli, Antonio.$0(OLS)http://semarc/name/64505 245 10$aStoria della letteratura ebraica biblica e postbiblica /$cAntonio Belli. 260 $aMilano :$bNuova accademia editrice,$c1951. 300 $a466 p. ;$c22 cm. 490 0 $aStoria delle letterature di tutto il mondo 650 4$aLetteratura ebraica biblica.$0(OLS)http://semarc/subject/57755 650 4$aLetteratura ebraica.$0(OLS)http://semarc/subject/1439 830 0$aStoria delle letterature di tutto il mondo.$0(OLS)http://semarc/title/20310 850 $aSeMil 852 $aSeMil$W1$xVenegono$y1$m1X III 241$j257818$B123392$CSeMilBibl$Z2$F134544 $81 996 $6245$aStoria della letteratura ebraica biblica e postbiblica$9(OLS)http://semarc/title/247095 996 $6260$aMilano :$bNuova accademia editrice$9(OLS)http://semarc/publisher/31675 LEADER 01000nam a2200217 i 4500 001 000000247038 003 CaOOAMICUS 005 20151209000000.0 008 151209s1688 xx u000 u fre u 013 $a225943 026 $a5897enn- m-i- aves (3) 1688 (R) 040 $aSeMil$bita 245 10$aTome 3. 300 $a[8], 906, [12] p. 500 $aSegn. : pg4 A-3K8 3L4 3M2. 773 0 $tVie des saints pour tous les jours de l'année, augmentée de tous les saints nouvellement canonizez ... où les fidèles trouveront l'idée de la vie chrêtienne avec des tables très-utiles pour les prédicateurs. Par G. d. M. ..$dA Paris : En la Boutique de Pierre le Petit, Chez Jean Villette le fils, ruë saint Jacques, au dessus des Mathurins, à la Croix d'or, 1688.$g3$w()32891 850 $aSeMil 852 $aSeMil$W1$xVenegono$y1$m3H II 33 FA$j197384$B197384$CSeMilBibl$Z2$F208498 $8I 941 1 $a10 961 $aRecupero: Mantegazza 996 $6245$aTome 3$9(OLS)http://semarc/title/1575 LEADER 01522nam a2200313 i 4500 001 000000352786 003 CaOOAMICUS 005 20230125103005.0 008 230125s2022 fr u000 u fre u 020 $a978-2-204-15198-6 040 $aSeMil$bita 100 1 $aLe Méhauté, Frédéric-Marie.$0(OLS)http://semarc/name/117043 245 10$aRévélé aux tout-petits :$bune théologie à l'écoute des plus pauvres /$cFrédéric-Marie Le Méhauté ; préface d'Etienne Grieu. 264 1$aParis :$bLes Éditions du Cerf,$c2022. 300 $a399 p. ;$c22 cm 490 1 $aCogitatio Fidei ;$v317 504 $aBibliographie, p. 371-385 650 4$aChiesa e problemi sociali.$0(OLS)http://semarc/subject/10656 650 4$aPovertà - Aspetti religiosi.$0(OLS)http://semarc/subject/53327 650 4$aPastorale dei poveri.$0(OLS)http://semarc/subject/47936 650 4$aPovertà - Concezione cristiana.$0(OLS)http://semarc/subject/5389 700 1 $aGrieu, Étienne,$c.$0(OLS)http://semarc/name/92566 830 0$aCogitatio Fidei ;$v317.$0(OLS)http://semarc/title/206 850 $aSeMil 852 $aSeMil$W1$xVenegono$y1$m2BA N 317$j236708$B243998$CSeMilBibl$Z2$F243998 $81 996 $6020$a978-2-204-15198-6$9(OLS)http://semarc/number/297528 996 $6245$aRévélé aux tout-petits :$bune théologie à l'écoute des plus pauvres$9(OLS)http://semarc/title/442701 996 $6264$aParis :$bLes Éditions du Cerf$9(OLS)http://semarc/publisher/29611 LEADER 01108nam a2200241 4500 001 000000360850 003 CaOOAMICUS 005 20241125113836.0 008 241125s2006 xxk 000 u eng r 020 $a978-0-521-02894-3 040 $aSeMil$bita 100 1 $aRosenmeyer, Patricia A.,$d<1958- >.$0(OLS)http://semarc/name/121006 245 10$aAncient epistolary fictions :$bthe letter in greek literature /$cPatricia A. Rosenmeyer. 264 1$aCambridge [etc.] :$bCambridge University Press,$c2006. 300 $aX, 370 p. ;$c23 cm 650 4$aEpistolografia greca.$0(OLS)http://semarc/subject/6797 650 4$aLetteratura greca antica - Storia.$0(OLS)http://semarc/subject/408 850 $aSeMil 852 $aSeMil$W1$xVenegono$y1$m1X IV 125$j252586$B251844$CSeMilBibl$Z2$F251844 $81 996 $6020$a978-0-521-02894-3$9(OLS)http://semarc/number/301862 996 $6245$aAncient epistolary fictions :$bthe letter in greek literature$9(OLS)http://semarc/title/451432 996 $6264$aCambridge [etc.] :$bCambridge University Press$9(OLS)http://semarc/publisher/37850 LEADER 00835nam a2200205 i 4500 001 000000233586 003 CaOOAMICUS 005 20140923000000.0 008 140923s1913 it u000 u ita u 013 $a212489 040 $aSeMil$bita 100 1 $aFradeletto, Antonio.$0(OLS)http://semarc/name/20911 245 10$aDogmi e illusioni della Democrazia /$cConferenza di Antonio Fradeletto Deputato al Parlamento. 260 $aMilano :$bFratelli Treves,$ccopyr. 1913. 300 $a82 p. ;$c19 cm. 650 4$aDemocrazia - Teorie.$0(OLS)http://semarc/subject/14018 850 $aSeMil 852 $aSeMil$W1$xVenegono$y1$m3M I 16$j183932$B183932$CSeMilBibl$Z2$F194678 $81 996 $6245$aDogmi e illusioni della Democrazia$9(OLS)http://semarc/title/333329 996 $6260$aMilano :$bFratelli Treves$9(OLS)http://semarc/publisher/30212 LEADER 00973nam a2200241 i 4500 001 000000205824 003 CaOOAMICUS 005 20110903000000.0 008 110903s1916 it u000 u fre u 013 $a184562 040 $aSeMil$bita 100 1 $aDes Ombiaux, Maurice,$d<1868-1943>.$0(OLS)http://semarc/name/73530 245 14$aLes revendications territoriales de la Belgique /$cpar Maurice Des Ombiaux. 260 $a[S.l.] :$bBloud et Gay,$c1916. 300 $a62 p. ;$c19 cm. 490 0 $aPages actuelles ;$vN.57. 500 $aIn copertina : 1914-1916. 650 4$aBelgio.$0(OLS)http://semarc/subject/7175 830 0$aPages actuelles ;$vN.57.$0(OLS)http://semarc/title/34224 850 $aSeMil 852 $aSeMil$W1$xVenegono$y1$m3U I 57$j156318$B156318$CSeMilBibl$Z2$F167675 $81 996 $6245$aLes revendications territoriales de la Belgique$9(OLS)http://semarc/title/297828 996 $6260$a[S.l.] :$bBloud et Gay$9(OLS)http://semarc/publisher/50170 LEADER 00797nam a2200217 i 4500 001 000000104098 003 CaOOAMICUS 005 20011214000000.0 008 011214s1933 fr u000 u fre u 013 $a76285 040 $aSeMil$bita 245 10$aGéographie phisyque et historique. 250 $a2. éd. 300 $aXXV, 515 p. :$bill. 490 0 $aÉtudes Bibliques 650 4$aPalestina.$0(OLS)http://semarc/subject/2650 773 0 $tGéographie de la Palestine.$dParis : Gabalda, 1933-1938.$kÉtudes bibliques$gTome1$w()6774 830 0$aÉtudes bibliques.$0(OLS)http://semarc/title/419576 850 $aSeMil 852 $aSeMil$W1$xVenegono$y1$m660 35 9.1 *$j60519$B60519$CSeMilBibl$Z2$F70341 $81 996 $6245$aGéographie phisyque et historique$9(OLS)http://semarc/title/150987 LEADER 00791nam a2200205 i 4500 001 000000209490 003 CaOOAMICUS 005 20111219000000.0 008 111219s1931 it u000 u ita u 013 $a188280 040 $aSeMil$bita 100 1 $aPollini, Leo.$0(OLS)http://semarc/name/65535 245 10$aMussolini padre del popolo italiano /$cLeo Pollini. 260 $aMilano :$bLiber,$c1931. 300 $a123 p., [1] p. di ritratto ;$c21 cm. 600 14$aMussolini, Benito <1883-1945>.$0(OLS)http://semarc/subject/6801 850 $aSeMil 852 $aSeMil$W1$xVenegono$y1$m3T IV 140$j159941$B159941$CSeMilBibl$Z2$F170973 $81 996 $6245$aMussolini padre del popolo italiano$9(OLS)http://semarc/title/302811 996 $6260$aMilano :$bLiber$9(OLS)http://semarc/publisher/36037 LEADER 01517nam a2200301 i 4500 001 000000163559 003 CaOOAMICUS 005 20260316105405.0 008 070801s2007 it u000 u eng u 013 $a140923 020 $a978-88-7653-166-8 040 $aSeMil$bita 100 1 $aAguilar Chiu, José Enrique,$d<1960- >.$0(OLS)http://semarc/name/42638 245 10$a1 Cor 12-14 :$bliterary structure and theology /$cJosé Enrique Aguilar Chiu. 260 $aRoma :$bPontificio Istituto Biblico,$c2007. 300 $a378 p., [1] carta di tav. ripieg. :$bill. ;$c24 cm. 490 0 $aAnalecta Biblica : investigationes scientificae in res biblicas ;$v166 650 4$aBibbia. Nuovo Testamento. Lettera ai Corinzi. 1. - Commentari, studi, critica, interpretazioni.$0(OLS)http://semarc/subject/171 650 4$aBibbia. Antico Testamento - Analisi narrativa e linguistica.$0(OLS)http://semarc/subject/59792 650 4$aBibbia - NT - 1 Corinzi 12-14.$0(OLS)http://semarc/subject/31088 830 0$aAnalecta biblica ;$v166.$0(OLS)http://semarc/title/6 850 $aSeMil 852 $aSeMil$W1$xVenegono$y1$m2HA G 166$j268528$B114853$CSeMilBibl$Z2$F125626 $81 961 $aSottoscrizione: Pontificio Istituto Biblico 996 $6020$a978-88-7653-166-8$9(OLS)http://semarc/number/149649 996 $6245$a1 Cor 12-14 :$bliterary structure and theology$9(OLS)http://semarc/title/233380 996 $6260$aRoma :$bPontificio Istituto Biblico$9(OLS)http://semarc/publisher/30489